02783naa a2200193 a 450000100080000000500110000800800410001902200130006010000230007324501080009626000090020452020270021365000200224065000310226065000160229170000230230770000170233077302420234711363422025-11-24 2025 bl uuuu u00u1 u #d a2590910x1 aOSORIO-GIRALDO, I. aPanorama del cultivo de la gulupa en Antioquia - Colombia desde 2019 hasta 2023.h[electronic resource] c2025 aLa gulupa (Passiflora edulis f. edulis Sims) se ha consolidado como un cultivo emergente en la agricultura colombiana, representando el 91% de las exportaciones de pasifloras. El prop??sito de este estudio fue analizar la situaci??n de la producci??n de gulupa en el departamento de Antioquia - Colombia. La metodolog??a consisti?? en recopilar y analizar datos oficiales del Anuario estad??stico del sector agropecuario del departamento de Antioquia, de los a??os de 2019 hasta 2023 sobre ??rea cultivada, producci??n y rendimiento del cultivo. La producci??n total de gulupa en Antioquia experiment?? un aumento significativo de 10.987 toneladas en 2019 a 16.450 toneladas en 2023, con un crecimiento anual promedio de 1.321 toneladas. Esto se debi?? principalmente a la expansi??n del ??rea cosechada, que creci?? de 497 hect??reas en 2019 a 714 hect??reas en 2023, con una adici??n anual de aproximadamente 55 hect??reas. El rendimiento promedio se mantuvo relativamente estable en 22.7 ton ha -1 a??o-1. Las regiones del Oriente y el Suroeste antioque??o fueron los principales centros productivos en 2023, contribuyendo con el 58.4% y 33.4% de la producci??n, respectivamente, y concentrando el 56.7% y 30.8% del ??rea cultivada. Los municipios de El Pe??ol, Urrao, Sons??n, Carolina del Pr??ncipe, Jeric?? y Jard??n destacaron al representar el 83.2% del ??rea sembrada y el 89.6% de la producci??n total del departamento en 2023. El an??lisis del periodo 2019-2023 en Antioquia, revela un crecimiento sustancial en la producci??n de gulupa, impulsado por la expansi??n del ??rea cultivada, con el Oriente y Suroeste como principales regiones productoras. A pesar de la estabilidad en el rendimiento promedio, el aumento productivo subraya la creciente importancia de la gulupa en el contexto de las exportaciones colombianas de pasifloras. La sostenibilidad a largo plazo depender?? de la gesti??n efectiva de los desaf??os clim??ticos y fitosanitarios, requiriendo innovaci??n y colaboraci??n sectorial.n anual de a??rea cosechada aPassiflora edulis f edulis aproducci??n1 aCARVAJAL, J. D. B.1 aPETRY, H. B. tIn: CONGRESO MUNDIAL DE PASIFLORAS: INNOVACI??N, ALIANZAS Y CONOCIMIENTO, 2., 2025, Medellin, Colombia. Memorias [...]. Neiva, Huila, Colombia: Corporaci??n de Exportadores de Pasifloras de Colombia ? Avance Pasifloras, 2025. p. 106-106.